000 01063nam0a2200301 i 4500
001 RU\NLR\BIBL_A\011263787
005 20260601063416.0
010 _a9785926821847
_97000
021 _aRU
_b2016-82509
_95387
035 _a(NLR Aleph) 011263787
090 _a12231620
_c12231620
100 _a20161108d2016 b y0rusy50 ca
101 0 _arus
102 _aRU
105 _aa|||z|||000ay
200 1 _aКубик на кубик
_e[рассказы]
_fЯ. Тайц
_gрис. Г. Валька
210 _aСанкт-Петербург
_aМосква
_cРечь
_d2016
215 _a12, [3] с.
_cцв. ил.
_d16
225 1 _aСтранички-невелички
333 _a0+
686 0 _aШ9(2)60=Р7-4
700 1 _aТайц
_bЯ. М.
_f1905-1957
_gЯков Моисеевич
_951613
_3RU\NLR\AUTH\7768685
702 1 _4040
_aВальк
_bГ. О.
_f1918-1998
_gГенрих Оскарович
_3RU\NLR\AUTH\77115368
_998293
942 _cBOOK
980 _aNBR